000 00586nam a2200241 a 4500
001 nice12345678
003 IN_TiNIC
005 20260116011453.0
008 050524s1841 lona grp 000 0 eng
020 _a
_c100
082 0 0 _a492.75
_bSTE
100 _aStewart, Duncan
245 _aPracticlal Arabic Grammar
260 _aLondon
_bCambridge University
_c1841
300 _a302p
500 _aincludes index and biblioraphy
505 2 _aProverbs, Extracts
650 _aArabic-Grammar
700 1 _aStewart, Duncan
902 _bSRS
942 _cBK
999 _c1828
_d1828